000 00446nam a2200181 a 4500
001 19333
003 CO-ViMGA
008 141112s2004 ck r 000 u spa d
020 _a8475100821
040 _aCO-ViMGA
_bspa
_cCO-ViMGA
082 0 4 _aGOSno
100 1 _aGoscinny, Rene
_927756
245 1 0 _aAsterix y los normandos
260 _aBarcelona :
_bGrijalbo; 1996
300 _a48 p.
650 1 4 _aCUENTOS INFANTILES
_92743
942 _2ddc
_cBK
999 _c28491
_d28491